• 首页
  • 本馆介绍
  • 公告通知
  • 最新文献
  • 馆藏检索
  • 电子资源
  • 读者导购
  • 参考咨询
  • 我的图书馆
  • 登录
  • 详细信息显示
  • 放入我的书架
  • 预约/预借图书
  • 作者相关作品
  • 分类相关作品
  • 丛书相关作品
  • 出版社相关作品

书目信息

  • 表格格式
  • 工作单格式
  • 卡片格式
题名:
建筑经济学
    
 
作者: Sleeley , 西利 著 ;张琰 译
分册:  
出版信息: 北京   中国建筑工业出版社  1985
页数: 309页
开本: 26cm
丛书名:
单 册:
中图分类: F407.9
科图分类:
主题词: 建筑经济学
电子资源:
ISBN:
000 00768nam0 2200277 45
001 0185002284
005 20060809155152.84
010    @dCNY3.80
091    @aCN@b15040.4729
100    @a19900816d1985 em y0chiy0121 ea
101 1  @achi@ceng
102    @aCN@b110000
105    @ay z 000yy
200 10 @a建筑经济学@Ajian zhu jing ji xue@f(英)西利(Sleeley,I.H.)著@g张琰译
210    @a北京@c中国建筑工业出版社@d1985
215    @a309页@d26cm
300    @a书名原文: Building economics.
510 1  @aBuilding economics@zeng
606    @a建筑经济学
690    @aF407.9@v3
701 A1 @aSleeley@bI.H.@4著
701  1 @a西利@Axi li@bI.H.@4著
702  0 @a张琰@Azhang yan@4译
801  2 @aCN@bNLC@c20060809
801  0 @aCN@bTSSF
905    @a10447@dF407.9@e140
    
    建筑经济学/(英)西利(Sleeley,I.H.)著/张琰译.-北京:中国建筑工业出版社,1985
    309页;26cm
    书名原文: Building economics.
    
    ISBN :CNY3.80
    
●
相关链接 在E读中查询图书 在五车中查询图书 在当当中查询图书 在豆瓣中查询图书


正题名:建筑经济学     索取号:F407.9/140         预约/预借

序号 登录号 条形码 馆藏地/架位号 状态 备注
1 0448033   204480338   密集书库/ [索取号:F407.9/140] 在馆    
2 0448034   204480347   密集书库/ [索取号:F407.9/140] 在馆    
3 0448035   204480356   密集书库/ [索取号:F407.9/140] 在馆    
4 0448036   204480365   密集书库/ [索取号:F407.9/140] 在馆    
唐山师范学院图书馆 欢迎您!
大连网信软件有限公司© 版权所有